| 000 | 00652nam a2200241Ia 4500 | ||
|---|---|---|---|
| 003 | OSt | ||
| 005 | 20221007070740.0 | ||
| 006 | a|||||r|||| 00| 0 | ||
| 007 | ta | ||
| 008 | 221006b |||||||| |||| 00| 0 eng d | ||
| 020 | _a9780670090075 | ||
| 024 | _a45,378 | ||
| 037 | _cTextual | ||
| 040 |
_aFLL _cFLL _beng |
||
| 041 |
_2eng _aeng |
||
| 082 | _aX61;4:(Z2).P16, Q7 | ||
| 100 | _aKUMAR Arun | ||
| 245 | 0 | _aDemonetization and the black economy | |
| 260 |
_aHaryana _bPenguin Random House India _c2017 |
||
| 300 |
_axxxix,300p. _ccm. |
||
| 942 |
_hX61;4:(Z2).P16, Q7 _cTEXL _2CC |
||
| 999 |
_c1141423 _d1141423 |
||